Largest European Cities by Decade (1600-1690) - Statistics

General Stats
  • This quiz has been taken 65 times
  • The average score is 58 of 70
Answer Stats
Year Rank Population Answer % Correct
2. 301,000 Paris
100%
2. 333,000 Paris
100%
2. 363,000 Paris
100%
2. 394,000 Paris
100%
2. 426,000 Paris
100%
2. 458,000 Paris
100%
2. 488,000 Paris
100%
2. 519,000 Paris
100%
2. 551,000 Paris
100%
2. 546,000 Paris
100%
4. 200,000 London
98%
4. 229,000 London
98%
4. 256,000 London
98%
3. 283,000 London
98%
3. 312,000 London
98%
3. 341,000 London
98%
3. 380,000 London
98%
3. 328,000 London
98%
3. 413,000 London
98%
3. 496,000 London
98%
1600 1. 681,000 Constantinople
92%
1610 1. 683,000 Constantinople
92%
1620 1. 685,000 Constantinople
92%
1630 1. 687,000 Constantinople
92%
1640 1. 689,000 Constantinople
92%
1650 1. 691,000 Constantinople
92%
1660 1. 693,000 Constantinople
92%
1670 1. 695,000 Constantinople
92%
1680 1. 697,000 Constantinople
92%
1690 1. 699,000 Constantinople
92%
7. 119,000 Amsterdam
90%
7. 134,000 Amsterdam
90%
6. 150,000 Amsterdam
90%
6. 165,000 Amsterdam
90%
3. 275,000 Naples
90%
3. 277,000 Naples
90%
3. 279,000 Naples
90%
4. 282,000 Naples
90%
4. 284,000 Naples
90%
4. 287,000 Naples
90%
5. 154,000 Naples
90%
4. 191,000 Naples
90%
4. 228,000 Naples
90%
4. 265,000 Naples
90%
6. 139,000 Lisbon
80%
5. 148,000 Lisbon
80%
5. 153,000 Lisbon
80%
4. 158,000 Lisbon
80%
5. 164,000 Lisbon
80%
5. 169,000 Lisbon
80%
5. 174,000 Lisbon
80%
5. 151,000 Venice
75%
5 151,000 Venice
75%
5. 151,000 Venice
75%
5. 151,000 Venice
75%
6. 144,000 Venice
75%
6. 143,000 Venice
75%
6. 142,000 Venice
75%
7. 141,000 Venice
75%
7. 139,000 Venice
75%
7. 135,000 Seville
64%
7. 135,000 Seville
64%
6. 135,000 Seville
64%
6. 135,000 Seville
64%
6. 150,000 Edirne
31%
7. 139,000 Edirne
31%
7. 128,000 Edirne
31%
7. 122,000 Edirne
31%
6. 144,000 Edirne
26%
7. 133,000 Edirne
26%
No matching quizzes found
Score Distribution
Percent of People with Each Score
Percentile by Number Answered
Your Score History
You have not taken this quiz